RWE Bau-Handbuch : Technischer Anbau 1985/86
Salvato in:
| Natura: | Libro |
|---|---|
| Lingua: | tedesco |
| Pubblicazione: |
Heidelberg :
Energie-Verlag,
1985
|
| Edizione: | 1. vyd. |
| Tags: |
Nessun Tag, puoi essere il primo ad aggiungerne!!
|
MARC
| LEADER | 00000nam a22000003a 4500 | ||
|---|---|---|---|
| 001 | stu138895 | ||
| 005 | 20150408182345.6 | ||
| 008 | 070313s1985----ge------------------ger-d | ||
| 040 | |a STU |b slo | ||
| 041 | 0 | |a ger | |
| 044 | |a ge | ||
| 080 | |a 61/69 | ||
| 245 | |a RWE Bau-Handbuch : |b Technischer Anbau 1985/86 | ||
| 250 | |a 1. vyd. | ||
| 260 | |a Heidelberg : |b Energie-Verlag, |c 1985 | ||
| 300 | |a 739 s | ||
| 996 | |c V*29191/O-11562 |l VV18 |s P |a 0 |w stu138895_0001 | ||
| 996 | |c V*30251/O-12212 |l VV18 |s P |a 0 |w stu138895_0002 | ||